Magazine production / (Record no. 3968)

000 -LEADER
fixed length control field 01354cam a2200337 i 4500
001 - CONTROL NUMBER
control field 19246876
003 - CONTROL NUMBER IDENTIFIER
control field OSt
005 - DATE AND TIME OF LATEST TRANSACTION
control field 20180320131535.0
008 - FIXED-LENGTH DATA ELEMENTS--GENERAL INFORMATION
fixed length control field 160824s2017 enka b 001 0 eng
010 ## - LIBRARY OF CONGRESS CONTROL NUMBER
LC control number 2016020495
020 ## - INTERNATIONAL STANDARD BOOK NUMBER
International Standard Book Number 9781138122147 (hbk)
020 ## - INTERNATIONAL STANDARD BOOK NUMBER
International Standard Book Number 9781138122154 (pbk)
020 ## - INTERNATIONAL STANDARD BOOK NUMBER
Cancelled/invalid ISBN 9781315650616 (ebk)
040 ## - CATALOGING SOURCE
Original cataloging agency DLC
Language of cataloging eng
Transcribing agency DLC
Description conventions rda
Modifying agency DLC
042 ## - AUTHENTICATION CODE
Authentication code pcc
050 00 - LIBRARY OF CONGRESS CALL NUMBER
Classification number Z286.W48 2017
082 00 - DEWEY DECIMAL CLASSIFICATION NUMBER
Classification number 070.5/72
Edition number 23
100 1# - MAIN ENTRY--PERSONAL NAME
Personal name Whittaker, Jason,
Dates associated with a name 1969-
Relator term author.
245 10 - TITLE STATEMENT
Title Magazine production /
Statement of responsibility, etc Jason Whittaker.
250 ## - EDITION STATEMENT
Edition statement Second edition.
260 ## - PUBLICATION, DISTRIBUTION, ETC. (IMPRINT)
Place of publication, distribution, etc London
Name of publisher, distributor, etc Routledge
Date of publication, distribution, etc 2017
300 ## - PHYSICAL DESCRIPTION
Extent x, 185 pages :
Other physical details illustrations ;
Dimensions 24 cm.
490 0# - SERIES STATEMENT
Series statement Media skills
504 ## - BIBLIOGRAPHY, ETC. NOTE
Bibliography, etc Includes bibliographical references (pages [180]-182) and index.
505 0# - FORMATTED CONTENTS NOTE
Formatted contents note Introduction -- Magazines and their markets -- The business of magazines -- From print to mobile: the digital revolution -- Copy and editorial -- Designing for print -- Designing for digital -- Legal and ethical issues -- Conclusion: the future of magazines.
650 #0 - SUBJECT ADDED ENTRY--TOPICAL TERM
Topical term or geographic name as entry element Periodicals
General subdivision Publishing
Form subdivision Handbooks, manuals, etc.
650 #0 - SUBJECT ADDED ENTRY--TOPICAL TERM
Topical term or geographic name as entry element Magazine design
Form subdivision Handbooks, manuals, etc.
906 ## - LOCAL DATA ELEMENT F, LDF (RLIN)
a 7
b cbc
c orignew
d 1
e ecip
f 20
g y-gencatlg
942 ## - ADDED ENTRY ELEMENTS (KOHA)
Source of classification or shelving scheme
Koha item type Book
Holdings
Withdrawn status Lost status Source of classification or shelving scheme Damaged status Not for loan Home library Current library Shelving location Date acquired Total Checkouts Full call number Barcode Date last seen Date checked out Copy number Price effective from Koha item type
          Riara University Library Riara University Library General stack 20/03/2018 1 Z286.W48 2017 9089/18 08/11/2018 01/11/2018 C.1 20/03/2018 Book
          Riara University Library Riara University Library General stack 20/03/2018 5 Z286.W48 2017 9088/18 31/10/2023 23/10/2023 C.2 20/03/2018 Book

Riara University Library,
P.O. Box 49940-00100,
Nairobi, Kenya.